00343 a2200109 4500001001000000005001700010008004100027245005200068100003000120773006600150999001700216ART_2945820260410161729.0260409a 10aLas normas contables profesionales y los costos1 aDemonte, Norberto Gabriel0 tCiencias económicasg- Año 2, Vol. 2 (jul. 2000)wREV2567 c17642d17642